Thessalonique - Choix multiples - Statistiques

Statistiques générales
  • Ce quiz a été pris 36 fois
  • Le résultat moyen est 7 sur 10
Statistiques - réponses
Question Réponse % Correct
Thessalonique est la ___ plus grande ville de Grèce. Deuxième
97%
Quel empire a contrôlé la ville de 1430 à 1912 ? Ottoman
90%
Où se situe la ville de Thessalonique ?
87%
La bougatsa, spécialité de Thessalonique, peut être : Sucrée ou salée
81%
Comment s’appelle la célèbre tour emblématique de Thessalonique ? Tour Blanche
68%
Comment s’appelle la grande place centrale de Thessalonique ? Aristote
61%
Quel empire a fondé Thessalonique au IVe siècle av. J.-C. ? Macédonien
58%
Quel autre grand club de Thessalonique est un rival historique du PAOK FC ? Aris
52%
Sur quel golfe se trouve Thessalonique ? Golfe Thermaïque
45%
Quel événement tragique de 1917 a marqué l’histoire de Thessalonique ? Un grand incendie
45%
Aucun quiz correspondant
Distribution des résultats
% des personnes avec chaque résultat
Percentile par nombre de réponses
Votre historique - résultats
Vous n’avez pas pris ce quiz